000 00955nam a22002177a 4500
001 EIF-VI-2006-M1-003
003 OSt
005 20221214134939.0
008 221214b |||||||| |||| 00| 0 eng d
040 _aFundación Jesús Pereda
_cFundación Jesús Pereda
041 _aCastellano
100 _aGarcía Ramos, Domingo
_9311
111 _aEncuentro de Investigadores del Franquismo
_c(Zaragoza.
_d2006.
_n6º)
_998
245 _aConflictos entre FET y de las JONS y el Gobierno Civil en Palencia,
_f1939-1943
_c/Domingo García Ramos
610 0 _9306
_aFalange Española Tradicionalista y de las Juntas de Ofensiva Nacional Sindicalista (FET y de las JONS)
650 0 _9332
_aGobierno civil
651 0 _9225
_aCastilla y León
_zPalencia
773 _tActas del VI Encuentro de Investigadores del Franquismo
_g34-47 p.
856 _uhttps://bibliotecaccoocyl.fundacionjesuspereda.es/cgi-bin/koha/opac-retrieve-file.pl?id=4dcb6041a06d673d5cad0d6894f884e9
942 _2ddc
_cCF
_n0
999 _c348
_d348